Sổ tay công nghệ chế tạo máy
Tài liệu giới thiệu về máy gia công kim loại, công nghệ lắp ráp các sản phẩm cơ khí, kiểm tra đo lường và tính toán kinh tế cho các phương án công nghệ.
Gespeichert in:
| 1. Verfasser: | |
|---|---|
| Format: | Buch |
| Sprache: | Undetermined |
| Veröffentlicht: |
Hà Nội
Khoa học và Kỹ thuật
2005
|
| Schlagworte: | |
| Tags: |
Tag hinzufügen
Keine Tags, Fügen Sie den ersten Tag hinzu!
|
| Thư viện lưu trữ: | Trung tâm Học liệu Trường Đại học Cần Thơ |
|---|
| LEADER | 00869nam a2200205Ia 4500 | ||
|---|---|---|---|
| 001 | CTU_94784 | ||
| 008 | 210402s9999 xx 000 0 und d | ||
| 020 | |c 52000 | ||
| 082 | |a 621.8 | ||
| 082 | |b L451/T.3 | ||
| 100 | |a Nguyễn, Đắc Lộc | ||
| 245 | 0 | |a Sổ tay công nghệ chế tạo máy | |
| 245 | 0 | |c Nguyễn Đắc Lộc (Chủ biên) | |
| 260 | |a Hà Nội | ||
| 260 | |b Khoa học và Kỹ thuật | ||
| 260 | |c 2005 | ||
| 520 | |a Tài liệu giới thiệu về máy gia công kim loại, công nghệ lắp ráp các sản phẩm cơ khí, kiểm tra đo lường và tính toán kinh tế cho các phương án công nghệ. | ||
| 650 | |a Machine design,Machine parts,Mechanical engineering | ||
| 904 | |i Úy Chị, pha | ||
| 980 | |a Trung tâm Học liệu Trường Đại học Cần Thơ | ||